SYRIEN: Syrer in Deutschland - Statistiken

Allgemein
  • Dieses Quiz wurde 59 mal gespielt
  • Das Durchschnittsergebnis liegt bei 11 aus 13
Antwortstatistiken
Zahl Jahr % Korrekt
33 000 2011
96%
972 000 2023
96%
40 000 2012
91%
924 000 2022
91%
57 000 2013
87%
868 000 2021
87%
118 000 2014
85%
366 000 2015
85%
638 000 2016
83%
699 000 2017
83%
746 000 2018
83%
790 000 2019
83%
818 000 2020
83%
Keine übereinstimmenden Quizze gefunden
Verteilung der Resultate
Anzahl Personen mit jedem Resultat
Perzentil nach korrekt beantworteten Fragen
Ihre Resultats-Entwicklung
Sie haben dieses Quiz noch nicht gespielt